| 000 | 00340nam a2200133Ia 4500 | ||
|---|---|---|---|
| 008 | 240624s9999 xx 000 0 und d | ||
| 041 | _aeng | ||
| 082 | _a302.3 BEN | ||
| 100 | _aBENNET ALEX | ||
| 245 | _aORGANIZATIONAL SURVIVAL IN THE NEW WORLD | ||
| 260 |
_c2007 _aNew Delhi _bElsevier |
||
| 300 | _axxiv, : 391p. ; 23cm. | ||
| 365 |
_cRS _b33 |
||
| 999 |
_c4730 _d4730 |
||